000 00600nam a2200253Ia 4500
008 160525s9999||||xx |||||||||||||| ||und||
040 _cEnglish
082 _aXI.F/Howard
082 _bBORI-922070
100 _aPeter Howard
245 _aFrank Buchman's Secret
300 _a125
300 _cB
300 _eHardbound
530 _u00092270.pdf
563 _aStudy
600 _aPeter Howard
630 _aFrank Buchman's Secret
650 _aEnglish Literature
650 _aGeneral Indology
700 _aPeter Howard
730 _aFrank Buchman's Secret
942 _cBOOK
999 _c1387300
_d1387297